|
|
|
|
| LEADER |
00000naa2a2200000 4500 |
| 001 |
220574 |
| 005 |
20240131143917.0 |
| 035 |
|
|
|a (RuTPU)RU\TPU\book\240699
|
| 090 |
|
|
|a 220574
|
| 100 |
|
|
|a 20120828d2007 k y0rusy50 ca
|
| 101 |
0 |
|
|a rus
|
| 102 |
|
|
|a RU
|
| 200 |
1 |
|
|a Высокочастотное магнетронное распыление как способ получения тонких, сверхупругих, беспористых биопокрытий для медицины
|f Р. А. Сурменев, М. А. Рябцева, Е. В. Шестериков
|
| 320 |
|
|
|a Библиогр.: 5 назв.
|
| 461 |
|
0 |
|0 (RuTPU)RU\TPU\book\136926
|t Современные техника и технологии
|o 13-я Международная научно-практическая конференция студентов, аспирантов и молодых ученых, г. Томск, 26-30 марта 2007 г.
|o труды в 3 т.
|f Томский политехнический университет (ТПУ)
|d 2007
|
| 463 |
|
0 |
|0 (RuTPU)RU\TPU\book\168908
|t Т. 1
|v С. 539-541
|d 2007
|p 547 с.
|
| 610 |
1 |
|
|a биопокрытия
|
| 610 |
1 |
|
|a получение
|
| 610 |
1 |
|
|a магнетронное распыление
|
| 610 |
1 |
|
|a высокочастотное распыление
|
| 610 |
1 |
|
|a медицина
|
| 610 |
1 |
|
|a труды учёных ТПУ
|
| 700 |
|
1 |
|a Сурменев
|b Р. А.
|c физик
|c старший научный сотрудник Томского политехнического университета, доцент, кандидат физико-математических наук
|f 1982-
|g Роман Анатольевич
|3 (RuTPU)RU\TPU\pers\25831
|9 11704
|
| 701 |
|
1 |
|a Рябцева
|b М. А.
|c специалист в области материаловедения
|c инженер-исследователь Томского политехнического университета, старший научный сотрудник
|f 1984-
|g Мария Александровна
|3 (RuTPU)RU\TPU\pers\33929
|9 17502
|
| 701 |
|
1 |
|a Шестериков
|b Е. В.
|c физик
|c научный сотрудник Физико-технического института Томского политехнического университета
|f 1979-
|g Евгений Викторович
|3 (RuTPU)RU\TPU\pers\29431
|
| 801 |
|
1 |
|a RU
|b 63413507
|c 20120828
|
| 801 |
|
2 |
|a RU
|b 63413507
|c 20161209
|g RCR
|
| 942 |
|
|
|c BK
|